000 00500nam a2200193Ia 4500
008 131103s9999 xx 000 0 und d
020 _a0-54-445015-5
040 _aLoreto College
041 _aEnglish
082 _aREF9
_bLCBED/10497
100 _aSimon, Seymour
245 4 _aThe basic book
_cSeymour Simon
260 _aNew York
_bHarper & Row
_c1985
300 _a32p
_c 17cm.
440 _aA let's read- - and - find - out - book
650 _aREF
850 _aLCBED/REF9
942 _cBK
999 _c33839
_d84318